| 000 | nam a22 a 4500 | ||
|---|---|---|---|
| 999 |
_c125026 _d125026 |
||
| 003 | BLK | ||
| 005 | 20220810140646.0 | ||
| 008 | 180409b bul|||||r ||||||| ||bul|| | ||
| 010 | _aKNG00130695000 | ||
| 040 | _aBLK | ||
| 041 |
_aBUL _cBUL |
||
| 080 |
_aЗдравеопазване. Обществена (социална) хигиена. Защита от нещастни случаи - Организация на здравеопазването. Санитарно дело _b614 _x(100) _z614(100) |
||
| 080 |
_aОрганизации, дружества и движения за развитие на науката и културата и разпространение на научни знания. Научна общественост _b061.22 _x:614(100) _z061.22:614(100) |
||
| 100 | 1 |
_aАрнаудов, Димитър Георгиев _eпърви автор _9376265 |
|
| 139 |
_aАрнаудов, Димитър Георгиев и др. _bА 87 |
||
| 245 | 1 | 0 |
_aСветовна здравна организация _bИстория, структура, дейност _cДимитър Георгиев Арнаудов; съавт. Никола Ангелов Николов; съавт. Добрин Кръшков. |
| 257 | _aBGR | ||
| 260 |
_bМедицина и физкултура _c1973 _aСофия |
||
| 300 |
_a152 с. _bс к. и табл. 1 л. табл. _c23 см |
||
| 380 | _a61 | ||
| 500 | _aАвт. не са отбелязани на кор. - Рез. на рус. и англ. ез. - 1 580 тир. | ||
| 650 | 4 |
_aСветовна здравна организация _9290656 |
|
| 653 | _aздравеопазване | ||
| 653 | _aнеправителствени организации | ||
| 700 | 1 |
_aНиколов, Никола Ангелов _eсъавт. _9287055 |
|
| 700 | 1 |
_aКръшков, Добрин _eсъавт. _9319144 |
|
| 852 |
_aЦб 69932 _bЦб |
||
| 942 |
_cKNG _n0 _s1 |
||
| 944 |
_aCR _c18.05.2012 _l18.05.2012 - от С1,Р / 18.05.2012 _kКети_Илиева |
||
| 944 |
_aED _c2022-08-10 _l2022-08-10 |
||